| 000 | 00846nam a22002537a 4500 | ||
|---|---|---|---|
| 001 | 7050 | ||
| 003 | FISKH | ||
| 005 | 20250619124600.0 | ||
| 008 | 250619b cb ||||| |||| 00| 0 eng d | ||
| 040 |
_aFISKH _beng _cFISKH _dFISKH |
||
| 050 | _aPR6054.A35 Z464 | ||
| 082 | _a823.914 | ||
| 100 |
_aDahl, Roald _d(1916–1990) |
||
| 245 |
_aGoing solo : _bThe thrilling sequel to boy / _cRoald Dahl |
||
| 250 | _aThis edition first published in 1986 | ||
| 260 |
_aNew Zealand : _bPuffin, _c1986 |
||
| 300 |
_a209 pages : _billustrations ; _c20 cm |
||
| 505 | _aZ | ||
| 520 | _aAs a young man working in East Africa for the Shell Company, Roald Dahl recounts his adventures living in the jungle and later flying a fighter plane in World War II. | ||
| 650 |
_2Africa _aMemoir |
||
| 650 |
_2War _aFiction |
||
| 942 |
_2ddc _cBK _n0 |
||
| 999 |
_c7050 _d7050 |
||